000 00465nam a2200145 4500
999 _c16145
_d16145
008 210429b ||||| |||| 00| 0 eng d
022 _a1559-663X
082 _aDPer 420.705 En36 c2006-2008
100 _aSantos, Thomas W.
_943242
245 _aA day with a fair/
_cThomas W. Santos.
260 _aWashington, D.C. :
_bEnglish Teaching Forum,
_cc2006-2008.
300 _av45 n3, pages 45-48;
_c27 cm.
650 _aProgrammed instruction.
_943243
942 _2ddc
_cPER